|
|
|
|
| LEADER |
00000nlm0a2200000 4500 |
| 001 |
341570 |
| 005 |
20240109134524.0 |
| 035 |
|
|
|a (RuTPU)RU\TPU\book\369702
|
| 035 |
|
|
|a RU\TPU\book\369683
|
| 090 |
|
|
|a 341570
|
| 100 |
|
|
|a 20181016d2018 k y0rusy50 ca
|
| 101 |
0 |
|
|a rus
|
| 102 |
|
|
|a RU
|
| 105 |
|
|
|a a m 000zy
|
| 135 |
|
|
|a drcn ---uucaa
|
| 181 |
|
0 |
|a i
|
| 182 |
|
0 |
|a b
|
| 200 |
1 |
|
|a Мониторинг оптическим и акустическим методами состояния армированных полимерных и металлических материалов при усталостном разрушении
|e диссертация на соискание ученой степени кандидата технических наук
|e спец. 05.11.13
|f А. В. Еремин
|g Российская академия наук (РАН), Сибирское отделение (СО), Институт физики прочности и материаловедения (ИФПМ) ; Национальный исследовательский Томский политехнический университет ; науч. рук. С. В. Панин
|
| 203 |
|
|
|a Текст
|c электронный
|
| 210 |
|
|
|a Томск
|d 2018
|
| 215 |
|
|
|a 1 файл (8 145 KB)
|
| 300 |
|
|
|a Заглавие с титульного экрана
|
| 300 |
|
|
|a Электронная версия печатной публикации
|
| 452 |
|
1 |
|0 (RuTPU)RU\TPU\book\370693
|t Мониторинг оптическим и акустическим методами состояния армированных полимерных и металлических материалов при усталостном разрушении
|o диссертация на соискание ученой степени кандидата технических наук
|o спец. 05.11.13
|f А. В. Еремин
|g Российская академия наук (РАН), Сибирское отделение (СО), Институт физики прочности и материаловедения (ИФПМ) ; Национальный исследовательский Томский политехнический университет (ТПУ) ; науч. рук. С. В. Панин
|c Томск
|n [Б. и.]
|d 2018
|p 166 л.
|a Еремин, Александр Вячеславович
|
| 606 |
1 |
|
|a Материалы
|x Внутренние дефекты
|x Контроль
|2 stltpush
|3 (RuTPU)RU\TPU\subj\78281
|9 87811
|
| 606 |
1 |
|
|a Усталостная прочность материалов
|2 stltpush
|3 (RuTPU)RU\TPU\subj\63450
|9 80478
|
| 610 |
1 |
|
|a электронный ресурс
|
| 610 |
1 |
|
|a диссертации
|
| 610 |
1 |
|
|a труды учёных ТПУ
|
| 610 |
1 |
|
|a мониторинг
|
| 610 |
1 |
|
|a оптические методы
|
| 610 |
1 |
|
|a акустические методы
|
| 610 |
1 |
|
|a армированные материалы
|
| 610 |
1 |
|
|a полимерные материалы
|
| 610 |
1 |
|
|a металлические материалы
|
| 610 |
1 |
|
|a усталостные разрушения
|
| 610 |
1 |
|
|a лабораторные комплексы
|
| 610 |
1 |
|
|a повреждения
|
| 610 |
1 |
|
|a трещины
|
| 610 |
1 |
|
|a композиционные материалы
|
| 610 |
1 |
|
|a усталостные испытания
|
| 610 |
1 |
|
|a конструкционные материалы
|
| 610 |
1 |
|
|a циклические нагружения
|
| 610 |
1 |
|
|a алгоритмы
|
| 675 |
|
|
|a 620.192(04)
|v 4
|
| 675 |
|
|
|a 539.43(04)
|v 4
|
| 686 |
|
|
|a 05.11.13
|2 oksvnk
|
| 700 |
|
1 |
|a Еремин
|b А. В.
|c специалист в области материаловедения
|c инженер Томского политехнического университета
|f 1990-
|g Александр Вячеславович
|3 (RuTPU)RU\TPU\pers\32911
|
| 702 |
|
1 |
|a Панин
|b С. В.
|c специалист в области материаловедения
|c профессор Томского политехнического университета, доктор технических наук
|f 1971-
|g Сергей Викторович
|3 (RuTPU)RU\TPU\pers\26548
|4 727
|9 12237
|
| 712 |
0 |
2 |
|a Российская академия наук (РАН)
|b Сибирское отделение (СО)
|b Институт физики прочности и материаловедения (ИФПМ)
|c (Томск)
|3 (RuTPU)RU\TPU\col\265
|
| 712 |
0 |
2 |
|a Национальный исследовательский Томский политехнический университет
|b Инженерная школа новых производственных технологий
|b Отделение материаловедения
|3 (RuTPU)RU\TPU\col\23508
|
| 801 |
|
2 |
|a RU
|b 63413507
|c 20190212
|g RCR
|
| 856 |
4 |
|
|u http://earchive.tpu.ru/handle/11683/52763
|
| 942 |
|
|
|c CF
|